000 00762nam a22002537a 4500
008 131027b xxu||||| |||| 00| 0 eng d
020 _a81-203-0968-5
024 _cAvailable
037 _cAvailable
040 _aMBSTU LIBRARY
_dMBSTU LIBRARY
082 _222
_a629.8 KUA
100 _aKuo, Benjamin C.
245 _aAutomatic control systems.
250 _a7th
260 _aNew Delhi
_bPrentice Hall of India.
_c1108
300 _a24 cm.
_b897 page
_f1
_g24 cm.
600 _2Automatic control engineering.
650 _2Automatic control engineering.
700 _aKuo, Benjamin C.
270 _aNew Delhi
_bNew Delhi
_dIndia
365 _b354.00
_d354.00
942 _2ddc
_cBK
999 _c732
_d732